चुनौतियों का चक्रव्यूह / (Record no. 61868)

MARC details
000 -LEADER
fixed length control field 01065nam a22002297a 4500
005 - DATE AND TIME OF LATEST TRANSACTION
control field 20120203100913.0
008 - FIXED-LENGTH DATA ELEMENTS--GENERAL INFORMATION
fixed length control field 081208t xxu||||| |||| 00| 0 hin d
010 ## - LCCN (DPL NO)
LC control number
020 ## - INTERNATIONAL STANDARD BOOK NUMBER
International Standard Book Number 8171380840
Terms of availability 125.00
035 ## - SYSTEM CONTROL NUMBER
System control number A-702511
037 ## - SOURCE OF ACQUISITION
Source of stock number/acquisition DBAD / PUB
040 ## - CATALOGING SOURCE
Original cataloging agency DPL
Language of cataloging HN
082 ## - DEWEY DECIMAL CLASSIFICATION NUMBER
Classification number 080
100 ## - MAIN ENTRY--PERSONAL NAME
Personal name जोशी, रामशरण
9 (RLIN) 40639
245 ## - TITLE STATEMENT
Title चुनौतियों का चक्रव्यूह /
Statement of responsibility, etc रामशरण जोशी
246 ## - VARYING FORM OF TITLE
Title proper/short title Chunautiyon kaa chakravyuha
Remainder of title by Ramsharan Joshi
260 ## - PUBLICATION, DISTRIBUTION, ETC. (IMPRINT)
Place of publication, distribution, etc नई दिल्ली
Name of publisher, distributor, etc सामयिक प्रकाशन
Date of publication, distribution, etc 1994
270 ## - ADDRESS
Address 3320-21 जटवाड़ा, नेताजी सुभाष मार्ग, दरियागंज
City नई दिल्ली
300 ## - PHYSICAL DESCRIPTION
Extent 192 पृ.
Dimensions 22सेमी(सजिल्द)
942 ## - ADDED ENTRY ELEMENTS (KOHA)
Source of classification or shelving scheme Dewey Decimal Classification
Item type Hindi Books
Call number suffix जोशीरा
Classification part 808.88
Holdings
Withdrawn status Lost status Source of classification or shelving scheme Damaged status Not for loan Collection code Home library Current library Date acquired Cost, normal purchase price Total Checkouts Full call number Barcode Date last seen Cost, replacement price Koha item type
    Dewey Decimal Classification     Non-fiction Sarojini Nagar Sarojini Nagar 03/02/2012 125.00   808.88 जोशीरा A-702511 03/02/2012 125.00 Hindi Books

© Delhi Public Library
Hit Counter
free hit counter